Statistics for Dominican Republic Country Quiz

Click here to take the quiz!

General Stats

  • This quiz has been taken 107 times
    (106 since last reset)
  • The average score is 5 of 13

Answer Stats

HintAnswer% Correct
CapitalSanto Domingo
98%
Above is located in what resort townPunta Cana
75%
Second largest citySantiago de los Caballeros
68%
Highest PointPico Duarte
52%
Peninsula home to Cape CabronSamana Peninsula
43%
Major city across from Catalina IslandLa Romana
40%
Island in above, largest island not hispaniolaIsla Saona
32%
Above is in what mountain range?Cordillera Central
21%
fourth largest cityLa Vega
21%
Largest LakeLake Enriquillo
19%
Above is on what river?Yaque del Norte River
19%
Easternmost PointCabo Engano
10%
Large National Park in far SoutheastDel Este National Park
6%

Score Distribution

Percentile by Number Answered

Percent of People with Each Score

Your Score History

You have not taken this quiz since the last reset